01601nas a2200421 i 4500001000700000003000900007005001700016008004100033022001400074023001400088035002500102035002100127035002300148040004700171080002400218080002700242222001700269245005100286246001700337260006000354300001600414310001200430336002200442337003000464338002400494362016400518515004700682580002400729588004900753650002100802650002900823655002100852710005100873710005200924852010000976856007601076866002701152196603ES-MaACL20260603103119.0241008c19879999sp mr p r ||| 0 b|spa c a1138-10190 a1138-1019 a(ES-BaCBU).b12328133 a(OCoLC)802904120 a991009806699706706 aES-BaCBUbcatcES-BaCBUdES-BaBCeES-MaACL a330.862x(05)22004 a331.105.44x(05)22004 0aRojo y negro00aRojo y negro :banarcosindicalismo en acción3 aRojo i negro aMadrid :bConfederación General del Trabajo,c[1987]- av. ;c65 cm aMensual 2rdacontentatexto 2rdamediaasin mediación 2rdacarrieravolumen1 aComença: no. 1 (dic. 1987) ; comença 3a època: (1988) ; comença 4a època: no. 27 (1991) i acaba: no. 196 (2006); comença 5a època: no. 197 (2006) aLa numeració segueix diferents èpoques aPublica suplementos aDescripción basada en: n. 280 (junio 2014) 4aSindicatos2thub 4aAnarcosindicalismo2thub 7aRevistas2tgfbne2 aConfederación General del Trabajo (España)2 aConfederación Nacional del Trabajo (España) aES-MaACLcHEMjHEM-1799 (Cº 45)hDonación: EditorialzRevista vivazCasillero actual: Cº 454 uhttps://cgt.es/info/publicaciones/rojo-y-negro/y(Acceso electrónico) o(2023) 2024-2025-2026-